Fill 'In The' Blank Quiz Stats

 Plays Quiz Updated Oct 16, 2018

Challenge
Share
Tweet
Embed
Score 0/66 Timer 07:00
0 Plays Today
Words Phrases % Correct
aceace in the hole
87.1%
holeace in the hole
87.1%
downdown in the dumps
86.4%
dumpsdown in the dumps
86.4%
diamonddiamond in the rough
85.5%
roughdiamond in the rough
85.5%
actcaught in the act
84.1%
caughtcaught in the act
84.1%
bunbun in the oven
82.3%
ovenbun in the oven
82.3%
closetskeleton in the closet
81.2%
skeletonskeleton in the closet
81.2%
boxjack in the box
79.7%
jackjack in the box
79.7%
neckpain in the neck
79.7%
painpain in the neck
79.7%
all all in the family
77.1%
familyall in the family
77.1%
blowingblowing in the wind
76.7%
windblowing in the wind
76.7%
hatcat in the hat
74.1%
catcat in the hat
74.1%
darkshot in the dark
73.8%
shotshot in the dark
73.8%
throwthrow in the towel
73.3%
towelthrow in the towel
73.3%
manman in the moon
72.9%
moonman in the moon
72.9%
budnip in the bud
72.9%
nipnip in the bud
72.9%
grasssnake in the grass
72.5%
snakesnake in the grass
72.5%
forkfork in the road
70.9%
Words Phrases % Correct
roadfork in the road
70.9%
mudstick in the mud
70.9%
stickstick in the mud
70.9%
airup in the air
70.6%
upup in the air
70.6%
batsbats in the belfry
68.5%
belfrybats in the belfry
68.5%
backstab in the back
68.1%
stabstab in the back
68.1%
cloudshead in the clouds
62.4%
headhead in the clouds
62.4%
bucketdrop in the bucket
61.4%
dropdrop in the bucket
61.4%
flashflash in the pan
59.5%
panflash in the pan
59.6%
flyfly in the ointment
59.5%
ointmentfly in the ointment
59.5%
hayroll in the hay
57.4%
rollroll in the hay
57.4%
piepie in the sky
56.5%
skypie in the sky
56.5%
holehole in the wall
53.5%
wallhole in the wall
53.5%
deaddead in the water
52.5%
waterdead in the water
52.5%
longlong in the tooth
49.9%
toothlong in the tooth
49.9%
dyeddyed in the wool
47.3%
wooldyed in the wool
47.3%
deepRolling in the Deep
41%
rollingRolling in the Deep
41%
roundtheater in the round
35.7%
theatertheater in the round
35.7%

You're not logged in!

Compare scores with friends on all Sporcle quizzes.
Join for Free
OR
Log In

You Might Also Like...

Show Comments

Extras

Top Quizzes Today


Score Distribution

Your Account Isn't Verified!

In order to create a playlist on Sporcle, you need to verify the email address you used during registration. Go to your Sporcle Settings to finish the process.

Report this User

Report this user for behavior that violates our Community Guidelines.

Details: